Marine Ecosystem-Based Management
Bewaard in:
| Andere auteurs: | , |
|---|---|
| Formaat: | Onbekend |
| Taal: | Engels |
| Gepubliceerd in: |
Cambridge, MA., USA.
Harvard University Press
2014
|
| Reeks: | The sea. Ideas and observations on progress in the study of the seas.
v.16 |
| Onderwerpen: | |
| Tags: |
Voeg label toe
Geen labels, Wees de eerste die dit record labelt!
|
MARC
| LEADER | 00000 a2200000 4500 | ||
|---|---|---|---|
| 003 | CL-VaPUC | ||
| 005 | 20210827121323.0 | ||
| 008 | 210513b ||||| |||| 00| 0 eng d | ||
| 999 | |c 432961 |d 432959 | ||
| 020 | |a 9780674072701 | ||
| 040 | |c Pontificia Universidad Católica de Valparaíso | ||
| 082 | |a 333.956 FOG 2014 | ||
| 100 | |a Fogarty, Michael J. |9 860891 |e editor | ||
| 245 | |a Marine Ecosystem-Based Management | ||
| 260 | |a Cambridge, MA., USA. |b Harvard University Press |c 2014 | ||
| 300 | |a 552 páginas | ||
| 490 | |a The sea. Ideas and observations on progress in the study of the seas. |v v.16 | ||
| 505 | |a v.16 Marine Ecosystem-Based Management | ||
| 583 | |k Cristina Rojas |c 20210513 | ||
| 650 | 0 | |a Recursos marinos |x Gestión |9 261196 | |
| 650 | 0 | |a Ecosistemas marinos |9 343701 |x Gestión | |
| 650 | 0 | |a Ecosistemas |9 261477 | |
| 700 | |a McCarthy, James J. |e editor |9 862358 | ||
| 942 | |2 ddc |c BK | ||
| 952 | |0 0 |1 0 |2 ddc |4 0 |6 333_956000000000000_FOG_2014 |7 0 |8 A |9 578534 |a BIBCUR |b BIBCUR |d 2021-07-30 |e 79 |g 171894.04 |h v.16 |i 5587042 |o 333.956 FOG 2014 |p 5587042 |r 2025-04-22 |t 1 |v 171894.04 |w 2021-07-30 |y BK |k CIM | ||